13 - Né(es) un 13 janvier - Statistiques

Statistiques générales
  • Ce quiz a été pris 11 fois
  • Le résultat moyen est 4 sur 12
Statistiques - réponses
Hint Année de naissance Réponse % Correct
Caricaturiste français assassiné le 7 janvier 2015. 1938 Jean Maurice Jules Cabut|Cabu
88%
Chanteur français connu principalement pour le titre "J'entends siffler le train" (1962). 1938 Richard Anthony|Richard Btesh
63%
Acteur américain vu dans "Grey's Anatomy", "Transformers 3 : La Face cachée de la Lune", "Bridget Jones Baby". 1966 Patrick Dempsey
50%
Écrivain français, auteur de "Chiens perdus sans collier", "C’est Mozart qu’on assassine" et "Notre prison est un royaume". 1913 Gilbert Cesbron
38%
Acteur britannique vu dans "Troie" et la série de films "Pirate des Caraïbes". 1977 Orlando Bloom
38%
Chef français qui a obtenu trois étoiles au Guide Michelin, et 19,5/20 au Gault et Millau pour son restaurant de Saulieu. 1951 Bernard Loiseau
25%
Acteur australien vu dans la tétralogie "Hunger Games" et la série "The Witcher". 1990 Liam Hemsworth
25%
Journaliste de profession, père d'un acteur américain grand ami de Brad Pitt. 1934 Nick Clooney
25%
Chorégraphe et danseur français. Conjoint de Zizi Jeanmaire. Fondateur du Ballet national de Marseille. 1924 Roland Petit
25%
Écrivaine française connue pour ses "romans dans l'Histoire". Parmi ses oeuvres, "Agnès Sorel" et "La chambre des dames". 1922 Jeanne Bourin|Jeanne Mondot
13%
Actrice américaine vue dans la série "Seinfeld". 1961 Julia Louis-Dreyfus
13%
Acteur américain vu dans "Paris brûle-t-il?" et "Le soleil des voyous". Film dans lequel il donne la réplique à Jean Gabin. 1919 Robert Stack|Charles Stack
13%
Aucun quiz correspondant
Distribution des résultats
% des personnes avec chaque résultat
Percentile par nombre de réponses
Votre historique - résultats
Vous n’avez pas pris ce quiz